Is Paris burning? : (Record no. 187201)
[ view plain ]
| 000 -LEADER | |
|---|---|
| fixed length control field | 00747 a2200193 4500 |
| 003 - CONTROL NUMBER IDENTIFIER | |
| control field | Nust |
| 005 - DATE AND TIME OF LATEST TRANSACTION | |
| control field | 20230131122638.0 |
| 010 ## - LIBRARY OF CONGRESS CONTROL NUMBER | |
| LC control number | 65015032 |
| 040 ## - CATALOGING SOURCE | |
| Transcribing agency | Nust |
| 082 ## - DEWEY DECIMAL CLASSIFICATION NUMBER | |
| Classification number | 940.546,COL |
| 100 ## - MAIN ENTRY--PERSONAL NAME | |
| Personal name | Collins, Larry. |
| 9 (RLIN) | 12046 |
| 245 ## - TITLE STATEMENT | |
| Title | Is Paris burning? : |
| Remainder of title | Adolf Hitler (August 25, 1944) / |
| Statement of responsibility, etc. | Larry Collins and Dominique Lapierre |
| 260 ## - PUBLICATION, DISTRIBUTION, ETC. | |
| Place of publication, distribution, etc. | New York, |
| Name of publisher, distributor, etc. | Simon and Schuster |
| Date of publication, distribution, etc. | 1965 |
| 300 ## - PHYSICAL DESCRIPTION | |
| Extent | 376 p |
| Other physical details | illus |
| Dimensions | maps (part col.) ports |
| Accompanying material | 24 cm |
| 505 ## - FORMATTED CONTENTS NOTE | |
| Formatted contents note | Part.1 The Menace (Page-9), Part.2 The Struggle (Page-103), Part.3 The Deliverance (Page-263), Table of Comparative Military Ranks (Page-345), Acknowledgments (Page-347), Sources (Page-351). |
| 600 ## - SUBJECT ADDED ENTRY--PERSONAL NAME | |
| Personal name | Collins, Larry. |
| 9 (RLIN) | 12046 |
| 650 ## - SUBJECT ADDED ENTRY--TOPICAL TERM | |
| Topical term or geographic name entry element | Second Wolrd War |
| 9 (RLIN) | 108217 |
| 942 ## - ADDED ENTRY ELEMENTS (KOHA) | |
| Source of classification or shelving scheme | |
| Koha item type | Book |
| Withdrawn status | Lost status | Source of classification or shelving scheme | Damaged status | Not for loan | Permanent Location | Current Location | Shelving location | Date acquired | Shelving control number | Full call number | Barcode | Date last seen | Price effective from | Koha item type | Public note |
|---|---|---|---|---|---|---|---|---|---|---|---|---|---|---|---|
| Military College of Signals (MCS) | Military College of Signals (MCS) | General Stacks | 12/12/2016 | History | 940.546,COL | MCS29744 | 12/08/2016 | 12/12/2016 | Book | Almirah No.60, Shelf No.3 |
